00991nam a2200241 a 450000100060000000300080000600500170001400800410003103500210007204000280009304100080012108200270012911100630015624502370021926000570045630000210051349000400053450400410057465000130061565000400062871000400066883000410070868427BD-RjUL20211209081755.0170403s1973 au b i000 0 eng d a(BD-RjUL)BD-RjUL aCUYcCUYdCOOdEQObeng aeng 223a539.7213bNEU 19732 aPanel on Neutron Nuclear Data Evaluationd(1971 :cVienna)10aNeutron nuclear data evaluation :bsummary of a Panel on Neutron Nuclear Data Evaluation held by the International Atomic Energy Agency, Vienna, 30 August to 3 September 1971 /cPanel on Neutron Nuclear Data Evaluation <1971, Wien>. aVienna :bInternational Atomic Energy Agency,c1973. a127 p. ;c24 cm.1 aTechnical reports series ;vno. 146 aIncludes bibliographical references. 0aNeutrons 0aNeutron flux standardsxCongresses.2 aInternational Atomic Energy Agency. 0aTechnical reports series ;vno. 146.